Представление документа в формате RUSMARC

ПолеНазваниеЗначение
  Тип записи a
  Библиографический уровень a
001 Контрольный номер RU/CBS_UL/BASE/7976ab35b8b347e980d6da2b3f839759
005 Дата корректировки 20240515113830.5
100 Данные общей обработки __
a Данные общей обработки 20240515 ||| 0rusy0189 ca
101 Язык документа 0_
a Язык текста rus
102 Страна публикации __
a Страна публикации RU
200 Заглавие и сведения об ответственности 1_
a Заглавие Анна Русская - королева Франции
e Сведения, относящиеся к заглавию [как древнерусская княжна Анна стала королевой Франции]
300 Общие примечания __
a Общие примечания 6+
461 Уровень набора _0
1 2000
a Наш Филиппок
463 Уровень физической единицы _0
1 2000
a № 3
v С. 6-8 : ил
1 2101
d 2024
1 001RU/CBS_UL/BASE/e207679fe3c7457893e2b072ab35bf2f
600 Персоналии _1
a Персоналии (Фамилия) Анна Ярославна
606 Тематические рубрики 0_
a Основная рубрика Анна Ярославна (королева французская; ок. 1024-1075)
610 Ключевые слова 0_
a Ключевые слова русские княжны
610 Ключевые слова 0_
a Ключевые слова княжны русские
610 Ключевые слова 0_
a Ключевые слова дочери Ярослава Мудрого
610 Ключевые слова 0_
a Ключевые слова королевы Франции
610 Ключевые слова 0_
a Ключевые слова французские королевы
610 Ключевые слова 0_
a Ключевые слова королевы французские
686 Индексы других классификаций __
2 Код системы rubbk
a Классификационный индекс 63.3(0)41
686 Индексы других классификаций __
a Классификационный индекс 63.3(2)41
801 Источник записи _0
a Страна RU
b Организация МБУК ЦБС г. Ульяновска
c Дата составления 20240515
g Правила каталогизации RCR
801 Источник записи _1
a Страна RU
b Организация МБУК ЦБС г. Ульяновска
c Дата составления 20240515
g Правила каталогизации RCR
901 Тип документа __
t Тип документа b
w Контрольный № источника RU/CBS_UL/BASE/e207679fe3c7457893e2b072ab35bf2f
909 Создатель записи __
a Создатель записи lib2